000 01178cam a22002771i 4500
003 SA-RiAUC
005 20250313113913.0
008 250304s1986 le g b 00000 ara c
040 _aSA-RiAUC
_bara
_cSA-RiAUC
_erda
082 0 4 _a811.8
_qSA-RiAUC
090 _a811.8
_bش ي خ
100 1 _aشيخ أمين، بكري،
_d1930-
_eمؤلف.
245 1 0 _aمطالعات في الشعر المملوكي والعثماني /
_cبكري شيخ أمين.
250 _aالطبعة الرابعة.
264 1 _aبيروت :
_bدار العلم للملايين،
_c1986
300 _a344 صفحة ؛
_c24 سم
336 _aنص
_btxt
_2rdacontent
_3كتاب
337 _aبدون وسيط
_bn
_2rdamedia
338 _aمجلد
_bnc
_2rdacarrier
504 _aيشتمل على إرجاعات ببليوجرافية باللغة الإنجليزية.
504 _aببليوجرافية : صفحة 321-334.
650 7 _aالشعر العربي
_xتاريخ ونقد
_yالعصر المملوكي
_2aucsh
650 7 _aالشعر العربي
_xتاريخ ونقد
_yالحكم العثماني
_2aucsh
942 _2ddc
_cBOOK
_n0
949 _aSA-JeALM
_d250304
_umohamedma123
_n1
999 _c6387
_d6387